Normal view
MARC view
- Mcnaught, L. W
Entry Personal Name
001 - CONTROL NUMBER
- control field: 69588
003 - CONTROL NUMBER IDENTIFIER
- control field: NUST
005 - DATE AND TIME OF LATEST TRANSACTION
- control field: 20210628204248.0
008 - FIXED-LENGTH DATA ELEMENTS
- fixed length control field: 210628|| aca||aabn | a|a d
040 ## - CATALOGING SOURCE
- Original cataloging agency: NUST
- Transcribing agency: NUST
100 ## - HEADING--PERSONAL NAME
- Personal name: Mcnaught, L. W
670 ## - SOURCE DATA FOUND
- Source citation: Work cat.: (NUST): Mcnaught, L. W, Nuclear waepons and their effects brassey's battlefield weapons systems, 1984
